[Event "Titled Tuesday intern op 24th Oct Late"]
[Site "Chess.com INT"]
[Date "2023.10.24"]
[Round "3"]
[White "Rouast, Joseph"]
[Black "Jaskolka, Tomasz"]
[Result "0-1"]
[WhiteElo "2093"]
[BlackElo "2222"]
[PlyCount "96"]
[EventDate "2023.10.24"]
[EventType "swiss (blitz)"]
[EventRounds "11"]
[EventCountry "USA"]
[SourceTitle "Mega2024 Update 01"]
[Source "Chessbase"]
[SourceDate "2023.11.12"]
[SourceVersion "1"]
[SourceVersionDate "2023.11.12"]
[SourceQuality "1"]

1. e4 d5 2. exd5 Nf6 3. d4 Bg4 4. Be2 Bxe2 5. Qxe2 Qxd5 6. Nf3 e6 7. 0-0 Be7 8. c4 Qh5 9. Bf4 Bd6 10. Bxd6 cxd6 11. d5 e5 12. Nc3 0-0 13. Nb5 Ne8 14. c5 dxc5 15. Qxe5 Qxe5 16. Nxe5 a6 17. Nc3 f6 18. Nd3 Nd7 19. Ne4 Nc7 20. Ndxc5 Nxc5 21. Nxc5 Nxd5 22. Nxb7 Rfb8 23. Rfd1 Rxb7 24. Rxd5 Rxb2 25. Ra5 Rb5 26. Rxb5 axb5 27. g3 Kf7 28. Rb1 Ra5 29. Kg2 Ke6 30. Kf3 Kd5 31. Rb2 Kc4 32. Ke3 Kc3 33. Re2 Ra7 34. Kf4 b4 35. h4 g6 36. g4 Rd7 37. g5 Rd4+ 38. Ke3 fxg5 39. hxg5 Rd3+ 40. Ke4 Rd2 41. Re3+ Kc4 42. a4 Rxf2 43. a5 Ra2 44. Ke5 Rxa5+ 45. Kf6 Rf5+ 46. Kg7 Rxg5 47. Kxh7 b3 48. Kh6 Rd5 0-1

[Event "Titled Tuesday intern op 24th Oct Late"]
[Site "Chess.com INT"]
[Date "2023.10.24"]
[Round "1"]
[White "Thomforde Toates, Noah"]
[Black "Rouast, Joseph"]
[Result "0-1"]
[WhiteElo "2124"]
[BlackElo "2093"]
[PlyCount "108"]
[EventDate "2023.10.24"]
[EventType "swiss (blitz)"]
[EventRounds "11"]
[EventCountry "USA"]
[SourceTitle "Mega2024 Update 01"]
[Source "Chessbase"]
[SourceDate "2023.11.12"]
[SourceVersion "1"]
[SourceVersionDate "2023.11.12"]
[SourceQuality "1"]

1. e4 e5 2. Nf3 Nf6 3. c3 Nxe4 4. Nxe5 d6 5. Nf3 Be7 6. d4 0-0 7. Bd3 d5 8. 0-0 Bg4 9. h3 Bh5 10. Nbd2 Nxd2 11. Bxd2 Nd7 12. Qc2 h6 13. Ne5 Nxe5 14. dxe5 Bg5 15. f4 Bh4 16. g4 Bg6 17. Bxg6 fxg6 18. Qxg6 c6 19. Be1 Qb6+ 20. Bf2 Bxf2+ 21. Rxf2 Rxf4 22. Raf1 Raf8 23. Qc2 Rxf2 24. Rxf2 Rxf2 25. Qxf2 Qxf2+ 26. Kxf2 Kf7 27. Ke3 c5 28. b4 b6 29. bxc5 bxc5 30. Kf4 Ke6 31. h4 g6 32. a3 a6 33. a4 a5 34. g5 h5 35. Kf3 Kxe5 36. Ke3 Kf5 37. Kf3 d4 38. cxd4 cxd4 39. Ke2 Kg4 40. Kd3 Kxh4 41. Kxd4 Kxg5 42. Kc5 h4 43. Kb5 h3 44. Kxa5 h2 45. Kb6 h1Q 46. a5 Qa8 47. a6 Kf5 48. Kc5 g5 49. Kd4 g4 50. Ke3 g3 51. Ke2 g2 52. Kf2 Kg4 53. Kg1 Kg3 54. a7 Qxa7# 0-1

[Event "Titled Tuesday intern op 22nd Aug Early"]
[Site "Chess.com INT"]
[Date "2023.08.22"]
[Round "5"]
[White "Ronka, Erik"]
[Black "Rouast, Joseph"]
[Result "0-1"]
[WhiteElo "2273"]
[BlackElo "2135"]
[PlyCount "70"]
[EventDate "2023.08.22"]
[EventType "swiss (blitz)"]
[EventRounds "11"]
[EventCountry "USA"]
[SourceTitle "EXT 2024"]
[Source "ChessBase"]
[SourceDate "2023.10.10"]
[SourceVersion "1"]
[SourceVersionDate "2023.10.10"]
[SourceQuality "1"]

1. e4 e5 2. Nf3 Nf6 3. Nc3 Nc6 4. d4 exd4 5. Nxd4 Bc5 6. Be3 Nxd4 7. Bxd4 Bxd4 8. Qxd4 0-0 9. 0-0-0 d6 10. f3 a6 11. g4 b5 12. h4 Nd7 13. g5 Rb8 14. Rg1 Ne5 15. Be2 b4 16. Nd5 Be6 17. f4 Bxd5 18. exd5 Nd7 19. h5 f5 20. h6 Qe7 21. hxg7 Qxg7 22. Qf2 Nc5 23. g6 h6 24. Bf3 Na4 25. Rd4 Rf6 26. Be2 Re8 27. Bxa6 Re4 28. Rxe4 fxe4 29. Bb5 Nxb2 30. f5 e3 31. Qxe3 Rxf5 32. Bd7 Rf8 33. Be6+ Kh8 34. Re1 Nc4 35. Qe4 Qa1# 0-1

[Event "Titled Tuesday intern op 22nd Aug Early"]
[Site "Chess.com INT"]
[Date "2023.08.22"]
[Round "11"]
[White "Rouast, Joseph"]
[Black "Begunov, Konstantin"]
[Result "0-1"]
[WhiteElo "2135"]
[BlackElo "2325"]
[PlyCount "168"]
[EventDate "2023.08.22"]
[EventType "swiss (blitz)"]
[EventRounds "11"]
[EventCountry "USA"]
[SourceTitle "EXT 2024"]
[Source "ChessBase"]
[SourceDate "2023.10.10"]
[SourceVersion "1"]
[SourceVersionDate "2023.10.10"]
[SourceQuality "1"]

1. e4 c5 2. Nf3 d6 3. d4 cxd4 4. Nxd4 Nf6 5. Nc3 a6 6. Be3 Ng4 7. Bc1 Nc6 8. f3 Qb6 9. Nce2 Nge5 10. Nxc6 Nxc6 11. c3 g6 12. Nf4 Bg7 13. Nd5 Qd8 14. Bc4 b5 15. Bb3 Na5 16. 0-0 Nxb3 17. axb3 Bb7 18. Be3 0-0 19. Bd4 Bxd5 20. Bxg7 Bxb3 21. Qd4 e5 22. Qb4 Qb6+ 23. Kh1 Kxg7 24. Qxb3 Rfd8 25. Rfd1 Qc6 26. Rd5 Rab8 27. Qa3 Rb6 28. Rad1 h6 29. h3 h5 30. Kh2 h4 31. Rxe5 dxe5 32. Rxd8 Qf6 33. Qf8+ Kh7 34. Qg8+ Kh6 35. Qh8+ Qxh8 36. Rxh8+ Kg5 37. Rd8 a5 38. Rd5 f6 39. Kg1 a4 40. Kf2 b4 41. cxb4 Rxb4 42. Rd2 Rb3 43. Rc2 Kf4 44. Kf1 Kg3 45. Re2 Rd3 46. Rc2 Rd1+ 47. Ke2 Rg1 48. Rc6 Rxg2+ 49. Ke3 f5 50. Rxg6+ Kxh3 51. Rxg2 Kxg2 52. exf5 h3 53. f6 h2 54. f7 h1Q 55. f8Q Qc1+ 56. Ke4 Qxb2 57. Qg7+ Kf2 58. Qa7+ Kg2 59. Qxa4 Qe2+ 60. Kd5 Kxf3 61. Qb3+ Kg2 62. Qc3 e4 63. Kd4 Kf2 64. Qc6 Qd3+ 65. Ke5 e3 66. Qf6+ Ke1 67. Qh4+ Kd2 68. Qb4+ Ke2 69. Qb2+ Qd2 70. Qb5+ Ke1 71. Qb1+ Kf2 72. Qf5+ Ke1 73. Qb1+ Qd1 74. Qb4+ Kf2 75. Qf4+ Ke2 76. Qg4+ Kd2 77. Qd4+ Ke2 78. Qg4+ Ke1 79. Qg3+ Kd2 80. Qg2+ Qe2 81. Qd5+ Qd3 82. Qa2+ Ke1 83. Qa1+ Kf2 84. Qa7 Qc3+ 0-1

[Event "Titled Tuesday intern op 15th Aug Early"]
[Site "Chess.com INT"]
[Date "2023.08.15"]
[Round "2"]
[White "Rouast, Joseph"]
[Black "Sanhueza, Cristian"]
[Result "1-0"]
[WhiteElo "2135"]
[BlackElo "2215"]
[PlyCount "157"]
[EventDate "2023.08.15"]
[EventType "swiss (blitz)"]
[EventRounds "11"]
[EventCountry "USA"]
[SourceTitle "EXT 2024"]
[Source "ChessBase"]
[SourceDate "2023.10.10"]
[SourceVersion "1"]
[SourceVersionDate "2023.10.10"]
[SourceQuality "1"]

1. e4 e5 2. Nf3 Nc6 3. Bb5 a6 4. Ba4 Nf6 5. Qe2 b5 6. Bb3 Be7 7. Nc3 0-0 8. a4 Nd4 9. Nxd4 exd4 10. Nd5 Nxd5 11. exd5 Bb7 12. 0-0 Bd6 13. axb5 axb5 14. Rxa8 Qxa8 15. Qxb5 Ba6 16. Qa4 Bxf1 17. Kxf1 Qe8 18. Qxd4 Qe7 19. Qe3 Qh4 20. h3 Ra8 21. d3 Ra1 22. Ke2 h6 23. Qe8+ Kh7 24. Be3 Qh5+ 25. f3 Qg6 26. g4 Rb1 27. Qxd7 Rxb2 28. Qa4 h5 29. Qe4 hxg4 30. hxg4 Rb1 31. Qxg6+ Kxg6 32. Ba2 Rb2 33. Bb3 f5 34. gxf5+ Kxf5 35. Bd4 Rb1 36. Bxg7 Be5 37. Bf8 Bd6 38. Bg7 Rg1 39. Bd4 Rg2+ 40. Kd1 Kf4 41. Kc1 Kxf3 42. Kb2 Kf4 43. Kc3 Be5 44. Bxe5+ Kxe5 45. Kc4 Kd6 46. Kb5 Rg1 47. Kc4 Rg4+ 48. Kb5 Rh4 49. c4 Rh1 50. c5+ Kd7 51. Kc4 Rc1+ 52. Kd4 Rb1 53. Ba4+ Kd8 54. Bc6 Re1 55. Kc4 Rc1+ 56. Kd4 Rd1 57. Bb5 Ke7 58. Kc4 Rc1+ 59. Kd4 Rh1 60. Bc6 Rh4+ 61. Kc3 Rg4 62. d4 Rg3+ 63. Kc4 Rg1 64. Ba4 Rc1+ 65. Kd3 Rh1 66. Kc4 Ra1 67. Bb5 Rb1 68. Bc6 Rc1+ 69. Kd3 Kf6 70. Ke4 Re1+ 71. Kd3 Rd1+ 72. Kc4 Rc1+ 73. Kb5 Rb1+ 74. Ka6 Ke7 75. Ka5 Kf6 76. Ka6 Kf5 77. Ka7 Kg6 78. Bb7 Kf6 79. Kb8 1-0

[Event "Titled Tuesday intern op 01st Aug Early"]
[Site "Chess.com INT"]
[Date "2023.08.01"]
[Round "8"]
[White "Rouast, Joseph"]
[Black "Krzywda, Andrzej"]
[Result "1/2-1/2"]
[WhiteElo "2135"]
[BlackElo "2210"]
[PlyCount "114"]
[EventDate "2023.08.01"]
[EventType "swiss (blitz)"]
[EventRounds "11"]
[EventCountry "USA"]
[SourceTitle "EXT 2024"]
[Source "ChessBase"]
[SourceDate "2023.10.10"]
[SourceVersion "1"]
[SourceVersionDate "2023.10.10"]
[SourceQuality "1"]

1. e4 e5 2. Nf3 Nf6 3. Nxe5 d6 4. Nf3 Nxe4 5. d4 d5 6. Bd3 Be7 7. 0-0 Bf5 8. c4 dxc4 9. Bxc4 0-0 10. Nc3 Nxc3 11. bxc3 h6 12. Qb3 Nc6 13. Qxb7 Na5 14. Qd5 Nxc4 15. Qxf5 Rb8 16. Bf4 Rb6 17. Qd3 Qd5 18. Bxc7 Rb2 19. Rfe1 Bf6 20. Ne5 Nxe5 21. Bxe5 Bxe5 22. Rxe5 Qb7 23. h3 Rc8 24. a4 Qc7 25. Rc5 Qb8 26. Rxc8+ Qxc8 27. d5 Qc5 28. Rf1 Qd6 29. c4 Rb4 30. a5 Qc5 31. d6 Qxc4 32. Qf3 Qc8 33. Rd1 Qd7 34. Qc3 Rb8 35. Qc5 Rd8 36. h4 g6 37. g3 h5 38. Kg2 Rc8 39. Qe5 Re8 40. Qd4 Re6 41. Kh2 Re8 42. f4 Rd8 43. Qd5 Rc8 44. Rd2 Rc1 45. Qa8+ Kg7 46. Qe4 Rc8 47. Qe5+ Kg8 48. Qd4 Rd8 49. Qe5 Re8 50. Qd5 Rd8 51. Rd4 Rc8 52. Kg2 Rc2+ 53. Rd2 Rc8 54. Rb2 Rd8 55. Rd2 Rc8 56. Kf3 Rc3+ 57. Kg2 Rc8 1/2-1/2

[Event "Titled Tuesday intern op 01st Aug Early"]
[Site "Chess.com INT"]
[Date "2023.08.01"]
[Round "6"]
[White "Rouast, Joseph"]
[Black "Rodriguez Santiago, Jaime"]
[Result "0-1"]
[WhiteElo "2135"]
[BlackElo "2020"]
[PlyCount "44"]
[EventDate "2023.08.01"]
[EventType "swiss (blitz)"]
[EventRounds "11"]
[EventCountry "USA"]
[SourceTitle "EXT 2024"]
[Source "ChessBase"]
[SourceDate "2023.10.10"]
[SourceVersion "1"]
[SourceVersionDate "2023.10.10"]
[SourceQuality "1"]

1. e4 c6 2. d4 d5 3. Nc3 dxe4 4. Nxe4 Nf6 5. Nxf6+ exf6 6. c3 Bd6 7. Bd3 0-0 8. Ne2 Re8 9. Qc2 h5 10. Bd2 Nd7 11. 0-0-0 Nf8 12. h4 Be6 13. Kb1 b5 14. Nf4 Bxf4 15. Bxf4 Qd5 16. b3 a5 17. Be4 Qd7 18. Bf3 Bf5 19. Rd3 a4 20. Kb2 axb3 21. axb3 Qa7 22. Rb1 Qa3# 0-1

[Event "Titled Tuesday intern op 01st Aug Early"]
[Site "Chess.com INT"]
[Date "2023.08.01"]
[Round "5"]
[White "Rouast, Joseph"]
[Black "Ventura Bolet, Maxim"]
[Result "0-1"]
[WhiteElo "2135"]
[BlackElo "2203"]
[PlyCount "42"]
[EventDate "2023.08.01"]
[EventType "swiss (blitz)"]
[EventRounds "11"]
[EventCountry "USA"]
[SourceTitle "EXT 2024"]
[Source "ChessBase"]
[SourceDate "2023.10.10"]
[SourceVersion "1"]
[SourceVersionDate "2023.10.10"]
[SourceQuality "1"]

1. e4 c5 2. Nf3 a6 3. c4 e6 4. Nc3 Qc7 5. d4 cxd4 6. Nxd4 Bb4 7. Bd2 Nc6 8. Nc2 Be7 9. Be2 Nf6 10. 0-0 0-0 11. Be3 Ne5 12. Qd4 Nc6 13. Qd2 Ne5 14. Qd4 Neg4 15. Bxg4 Nxg4 16. g3 Nxe3 17. Nxe3 b6 18. b3 Bb7 19. f3 d5 20. cxd5 Bf6 21. Qd3 Qxc3 0-1

[Event "Titled Tuesday intern op 27th Jun Early"]
[Site "Chess.com INT"]
[Date "2023.06.27"]
[Round "8"]
[White "Buscar, Michael"]
[Black "Rouast, Joseph"]
[Result "0-1"]
[WhiteElo "2041"]
[BlackElo "2189"]
[PlyCount "68"]
[EventDate "2023.06.27"]
[EventType "swiss (blitz)"]
[EventRounds "11"]
[EventCountry "USA"]
[SourceTitle "EXT 2024"]
[Source "ChessBase"]
[SourceDate "2023.10.10"]
[SourceVersion "1"]
[SourceVersionDate "2023.10.10"]
[SourceQuality "1"]

1. d4 Nf6 2. c4 g6 3. Nc3 Bg7 4. e4 d6 5. Nf3 0-0 6. Be2 Nbd7 7. h3 e5 8. d5 Ne8 9. g4 a5 10. g5 Nc5 11. Be3 f5 12. gxf6 Nxf6 13. Qc2 Nh5 14. 0-0-0 Nf4 15. Rdg1 Qf6 16. Bf1 Nxh3 17. Rg3 Nf4 18. Ng5 h6 19. Ne6 Ncxe6 20. dxe6 Bxe6 21. Nd5 Bxd5 22. exd5 g5 23. Kb1 e4 24. Bc1 Rfe8 25. c5 a4 26. a3 Ra5 27. cxd6 cxd6 28. Bc4 Rc5 29. Qxa4 b5 30. Bxb5 Nxd5 31. Bxe8 Rxc1+ 32. Kxc1 Qxb2+ 33. Kd1 Nc3+ 34. Ke1 Qe2# 0-1

[Event "Titled Tuesday intern op 20th Jun Early"]
[Site "Chess.com INT"]
[Date "2023.06.20"]
[Round "7"]
[White "Rouast, Joseph"]
[Black "Slavin, Alexei"]
[Result "0-1"]
[WhiteElo "2189"]
[BlackElo "2364"]
[PlyCount "76"]
[EventDate "2023.06.20"]
[EventType "swiss (blitz)"]
[EventRounds "11"]
[EventCountry "USA"]
[SourceTitle "EXT 2024"]
[Source "ChessBase"]
[SourceDate "2023.10.10"]
[SourceVersion "1"]
[SourceVersionDate "2023.10.10"]
[SourceQuality "1"]

1. e4 Nc6 2. Nf3 d6 3. d4 Nf6 4. Nc3 Bg4 5. Bc4 e5 6. dxe5 dxe5 7. Qxd8+ Rxd8 8. Bg5 Bb4 9. 0-0 Bxf3 10. gxf3 Nd4 11. Kg2 c6 12. Bb3 h6 13. Be3 Bxc3 14. bxc3 Nxb3 15. cxb3 b6 16. Rfd1 Ke7 17. Kf1 Rxd1+ 18. Rxd1 Rd8 19. Rxd8 Kxd8 20. Ke2 Kd7 21. Kd3 Ke6 22. f4 Nd7 23. fxe5 Nxe5+ 24. Ke2 g5 25. h3 f5 26. f3 c5 27. Bc1 Ng6 28. c4 Ke5 29. exf5 Kxf5 30. Kf2 Nf4 31. Bxf4 Kxf4 32. Kg2 Ke3 33. Kg3 h5 34. a3 a6 35. a4 a5 36. Kg2 h4 37. Kh2 Kxf3 38. Kg1 Kg3 0-1

[Event "Titled Tuesday intern op 20th Jun Early"]
[Site "Chess.com INT"]
[Date "2023.06.20"]
[Round "9"]
[White "Slovineanu, Viacheslav"]
[Black "Rouast, Joseph"]
[Result "1-0"]
[WhiteElo "2412"]
[BlackElo "2189"]
[PlyCount "47"]
[EventDate "2023.06.20"]
[EventType "swiss (blitz)"]
[EventRounds "11"]
[EventCountry "USA"]
[SourceTitle "EXT 2024"]
[Source "ChessBase"]
[SourceDate "2023.10.10"]
[SourceVersion "1"]
[SourceVersionDate "2023.10.10"]
[SourceQuality "1"]

1. e4 e5 2. Nf3 Nf6 3. Nc3 Bc5 4. Nxe5 d6 5. Nf3 0-0 6. Be2 Re8 7. d3 Nc6 8. 0-0 Bg4 9. h3 Bh5 10. Na4 Bb6 11. Nxb6 axb6 12. Be3 d5 13. exd5 Nxd5 14. Bg5 Bxf3 15. Bxd8 Bxe2 16. Re1 Rexd8 17. Rxe2 Nf4 18. Re4 Ne6 19. c3 Nc5 20. Re3 f6 21. d4 Na4 22. Qb3+ Kh8 23. Rae1 h6 24. R1e2 1-0

[Event "Titled Tuesday intern op 20th Jun Early"]
[Site "Chess.com INT"]
[Date "2023.06.20"]
[Round "3"]
[White "Urbina Perez, Juan Antonio"]
[Black "Rouast, Joseph"]
[Result "1-0"]
[WhiteElo "2266"]
[BlackElo "2189"]
[PlyCount "88"]
[EventDate "2023.06.20"]
[EventType "swiss (blitz)"]
[EventRounds "11"]
[EventCountry "USA"]
[SourceTitle "EXT 2024"]
[Source "ChessBase"]
[SourceDate "2023.10.10"]
[SourceVersion "1"]
[SourceVersionDate "2023.10.10"]
[SourceQuality "1"]

1. Nf3 Nf6 2. e3 g6 3. b3 Bg7 4. Bb2 d6 5. Qc1 0-0 6. c4 c5 7. Nc3 Nc6 8. Bd3 Bg4 9. a3 Bxf3 10. gxf3 e6 11. h4 d5 12. Qc2 d4 13. Ne4 dxe3 14. fxe3 Nxe4 15. Bxe4 f5 16. Bxc6 bxc6 17. Bxg7 Kxg7 18. h5 Qf6 19. Ke2 f4 20. Qe4 g5 21. h6+ Kh8 22. Rag1 fxe3 23. Qxe3 Rg8 24. Rh5 g4 25. fxg4 Raf8 26. g5 Qd4 27. Rh2 Rf5 28. Qxd4+ cxd4 29. Rf2 Rfxg5 30. Rxg5 Rxg5 31. Rf8+ Rg8 32. Rf6 Rg6 33. Rf8+ Rg8 34. Rf7 Rg6 35. Rxa7 Rxh6 36. Rc7 e5 37. a4 e4 38. Re7 Rh2+ 39. Kd1 Rh3 40. Kc2 d3+ 41. Kc3 e3 42. dxe3 Rh2 43. Kxd3 Rb2 44. Kc3 h5 1-0

[Event "Titled Tuesday intern op 20th Jun Early"]
[Site "Chess.com INT"]
[Date "2023.06.20"]
[Round "8"]
[White "Vifleemskaia, Svetlana"]
[Black "Rouast, Joseph"]
[Result "1-0"]
[WhiteElo "1971"]
[BlackElo "2189"]
[PlyCount "71"]
[EventDate "2023.06.20"]
[EventType "swiss (blitz)"]
[EventRounds "11"]
[EventCountry "USA"]
[SourceTitle "EXT 2024"]
[Source "ChessBase"]
[SourceDate "2023.10.10"]
[SourceVersion "1"]
[SourceVersionDate "2023.10.10"]
[SourceQuality "1"]

1. d4 Nf6 2. c4 g6 3. Nc3 Bg7 4. e4 0-0 5. Nge2 d6 6. Ng3 e5 7. d5 Nbd7 8. Bg5 h6 9. Be3 Nh7 10. Qd2 a5 11. Be2 h5 12. h4 b6 13. 0-0-0 Nc5 14. Bh6 f5 15. Bxg7 Kxg7 16. exf5 Bxf5 17. Nxf5+ Rxf5 18. Qe3 Qf6 19. f3 Re8 20. g4 Rf4 21. gxh5 gxh5 22. Rdg1+ Kh8 23. Ne4 Nxe4 24. fxe4 Rxh4 25. Bxh5 Rxh1 26. Rxh1 Re7 27. Bg4 Qf4 28. Qxf4 exf4 29. Bf5 Kg8 30. Rh6 Ng5 31. Rf6 Nxe4 32. Be6+ Kg7 33. Rxf4 Nc5 34. Bf5 Rf7 35. Kd2 Kf6 36. Be6+ 1-0